Datum a čas kvízu

24 Celkem bodů Celkový počet nahraných bodů na tomto kvízu bez doplňovacích otázek.
7. Pořadí na kvízu Konečné umístění týmu na tomto kvízu.

Zaznamenané odpovědi

# Otázka Odpověď Body Výsledky
1. Obličej kterého politika byl v... Petra Macinky 1
2. Balendra Šáh se v pátek stal p... A 0
3. První ukázku ze své novinky po... Pět švestek 1
4. Společnost Allwyn AG vstoupila... Karel Komárek 1
5. Jak se jmenuje muž, který nově... Ladislav Krejčí 1
6. „Jaké je hlavní město Gabonské... D 0
7. AZ Kvíz se na obrazovkách obje... 1 100 Kč 0
8. Doplňte tři slova do sloganu s... který vám zaplatí 0
9. Která herečka se objevuje v pa... Jiřina Bohdalová 0
10. Kdo byl moderátorem soutěže, j... Marek Eben, Valtice 0.5